000 01492nam a2200265Ia 4500
999 _c52926
_d52926
001 19956
003 GE_BSU
005 20200520224324.0
008 181216s1950||||ge |||||||||||||| ||geo||
040 _cGE_BSU
041 _ageo
080 _a81'374.822=353.1=161 ქ-27
245 _aქართულ-რუსული ლექსიკონი = Грузино-Русский словарь :
_b(დაახლოებით 16.000 სიტყვა) /
_cშეადგინეს გ. ახვლედიანმა და ვ. თოფურიამ ; რედ. ა. მ. კობახიძე..
264 _aთბილისი :
_bსაქართველოს სსრ სახელმწიფო გამომცემლობა,
_c1950.
300 _a478 გვ. ;
_c22 სმ.
541 _h2ლ.
653 _aლექსიკონი
653 _aქართულ-რუსული ლექსიკონი
700 _aახვლედიანი, გ.
_eშემდგენელი
_92910
700 _aთოფურია, ვ.
_eშედგენელი
_91040
700 _aკობახიძე, ა.
_eრედაქტორი
_97209
710 _aსაქართველოს სსრ მეცნიერებათა აკადემია
_98134
710 _a აკად. ნ. მარის სახელობის ენის ინსტიტუტი
_98135
942 _cBK
_2udc